Results

Below are the most and least guessed answers to the given questions, as well as how your score stacks up against everyone else who took this quiz.
Play Again

The Black Artists, Black Songs Quiz has been played 662 times (0 today)
Type Artist % Correct
Artists With Black SongsAC|DC
91.7%
Black ArtistsBlack Eyed Peas
85.6%
Artists With Black SongsThe Rolling Stones
85%
Artists With Black SongsFleetwood Mac or Santana
80.8%
Artists With Black SongsWill Smith
78.1%
Black ArtistsBlack Sabbath
75.1%
Artists With Black SongsSoundgarden
72.5%
Black ArtistsJoan Jett And The Blackhearts
68.7%
Artists With Black SongsLed Zeppelin
67.7%
Artists With Black SongsMy Chemical Romance
54.1%
Black ArtistsBLACKstreet
53.8%
Black ArtistsThe Black Crowes
50.8%
Type Artist % Correct
Artists With Black SongsThe Doobie Brothers
39.1%
Artists With Black SongsHollies
29.8%
Artists With Black SongsThe Goo Goo Dolls
29.6%
Artists With Black SongsAlannah Myles
29.5%
Black ArtistsBlack Keys
27.3%
Artists With Black SongsJanet Jackson
20.8%
Black ArtistsBlack Flag
14.8%
Black ArtistsClint Black
14.5%
Black ArtistsBlack Box
10.4%
Black ArtistsBlack Oak Arkansas
10%
Black ArtistsBlackfoot
5.6%
Black ArtistsThe Blackbyrds
4.4%
 
Number % Answered
24 (all)
1.4%
21-23
1.1%
18-20
5.1%
15-17
12.2%
12-14
26.3%
9-11
26.6%
6-8
15.3%
3-5
8%
1-2
4.1%

You might also like these games:
VH1's 100 Songs ('80s)Michael Jackson SongsFinish the Lyric: Titles
There are 12 comments for this game.
(Warning: comments may contain spoilers)

Black Artists, Black Songs Quiz

  1. by caramba
  • Created Jan 10, 2011 in Music
  • Game Plays 662

Remember, Sporcle is now...

Friend Scores and Standings

Loading friend results....